Applied Intertial Navigation: (Record no. 594166)

000 -LEADER
fixed length control field 00341nam a22001217a 4500
020 ## - INTERNATIONAL STANDARD BOOK NUMBER
International Standard Book Number 5703823951
082 ## - DEWEY DECIMAL CLASSIFICATION NUMBER
Classification number 629.1
Author Mark SAL
100 ## - MAIN ENTRY--PERSONAL NAME
Personal name Salychev , Oleg S
9 (RLIN) 111215
245 ## - TITLE STATEMENT
Title Applied Intertial Navigation:
Remainder of title Problems and Solutions /
Statement of responsibility, etc. Oleg S. Salychev
260 ## - PUBLICATION, DISTRIBUTION, ETC.
Place of publication, distribution, etc. Russia :
Name of publisher, distributor, etc. BMSTU
Date of publication, distribution, etc. 2004.
300 ## - PHYSICAL DESCRIPTION
Extent 302p. ;
Other physical details Hardcover
942 ## - ADDED ENTRY ELEMENTS (KOHA)
Source of classification or shelving scheme
Koha item type Book
Holdings
Withdrawn status Lost status Source of classification or shelving scheme Damaged status Not for loan Permanent Location Current Location Shelving location Date acquired Full call number Barcode Date last seen Price effective from Koha item type
          School of Mechanical & Manufacturing Engineering (SMME) School of Mechanical & Manufacturing Engineering (SMME) Aerospace Engineering 03/22/2023 629.1 SAL SMME-3949 03/22/2023 03/22/2023 Book
© 2023 Central Library, National University of Sciences and Technology. All Rights Reserved.